书目信息 |
| 书名: | Occupational health in industrialization and modernization | |
| 作者: | ||
| 分册号: | ||
| 分册名: | 出版地: | Shanghai : |
|
| 出版社: | Shanghai Medical Univ. Pr | |
| 出版时间: | 1988. | |
| 页数: | 163 p. : | |
| 开本: | 26 cm. | |
| 丛书名: | Collaborating Center for Occupational Health. Bulletin | |
| 中图分类号: | ||
| 科图分类号: | ||
| 其他分类号: | R135-53 | |
| 主题词: | ||
| 电子资源: | ||
| 000 | 00705nam 2200217 a 4500 | |
| 001 | E0755728256 | |
| 005 | 20070226152905.50 | |
| 008 | 001 0 eng | |
| 008 | uu | |
| 040 | @aNLC | |
| 049 | @aN5LA | |
| 090 | @a2-90/R13/O15///////1101219 | |
| 090 | @aR135-53 | |
| 096 | @aR13 @v2 | |
| 099 | @dR135-53@ex5:2 | |
| 245 | 00 | @aOccupational health in industrialization and modernization |
| 260 | @aShanghai :@bShanghai Medical Univ. Pr.,@c1988. | |
| 300 | @a163 p. :@bill. ;@c26 cm. | |
| 440 | 0 | @aCollaborating Center for Occupational Health. Bulletin ; @vv. |
| 700 | 1 | @aXue, Shouzheng, @eed. @b00 @c20020930 @lNLC09 @h2245 @lNLC09 @h2248 @lNLC09 @h1839 |
| 852 | 9 | @bWWJC @cJ08N @k2-90 @hR13 @iO15 |
| Occupational health in industrialization and modernization.-Shanghai : : Shanghai Medical Univ. Pr., , 1988. |
| 163 p. : : ill. ; ; 26 cm.- (Collaborating Center for Occupational Health. Bulletin ; v.) |
| ISBN |
| ● |
| 相关链接 |
|
|
|
|
正题名:Occupational health in industrialization and modernization
索取号:R135-53/x5:2
 
预约/预借
| 序号 | 登录号 | 条形码 | 馆藏地/架位号 | 状态 | 备注 |
| 1 | 0184270 | 000634273 | 第二样本阅览室/ [索取号:R135-53/x5:2] | 在馆 | |
| 2 | 0184271 | 000634264 | 第四借阅区/ [索取号:R135-53/x5:2] | 在馆 |